00638nam a2200193Ia 450000500170000000800460001703700120006304000200007504100130009508400210010810000230012924500670015226000460021930000100026565000230027594200210029899900210031995201040034020250508161404.0008 250505s9999 xx 000 0 eng d aTextual aFEDLbengcFEDL aeng2eng a371.3, WASqFEDL aWashburne Carleton 0aWhat is progressive education? : A book for parents and others aNew York, USAbThe John Day Companyc1952 a155p. aTeaching Technique cTEXLh371.3, WAS c1369798d1369798 00104070aFEDLbFEDLd2025-05-08l0o371.3, WASpEL0057149r2025-05-08 16:14:04w2025-05-08yTEXL